Online Catalogue and eLibrary

Identity culture politics (Record no. 4962)

MARC details
000 -LEADER
fixed length control field 00436nam a2200181Ia 4500
005 - DATE AND TIME OF LATEST TRANSACTION
control field 20240402052835.0
008 - FIXED-LENGTH DATA ELEMENTS--GENERAL INFORMATION
fixed length control field 240331s9999 xx 000 0 und d
020 ## - INTERNATIONAL STANDARD BOOK NUMBER
ISBN 08512914
082 ## - DDC Classification
Item Number - Author Mark IDE
Class No. 330
100 ## - MAIN ENTRY--PERSONAL NAME
Personal name ICES
245 #0 - TITLE STATEMENT
Title Identity culture politics
260 ## - PUBLICATION, DISTRIBUTION, ETC.
Place of publication, distribution, etc. Bangladesh :
Name of publisher, distributor, etc. ICES and CODESRIA /
Date of publication, distribution, etc. 2001.
300 ## - PHYSICAL DESCRIPTION
Extent (e.g. Volumes, Pages etc.) vii, 172 p.,
650 ## - SUBJECT ADDED ENTRY--TOPICAL TERM
Topical term or geographic name entry element Culture
650 ## - SUBJECT ADDED ENTRY--TOPICAL TERM
Topical term or geographic name entry element politics
700 ## - ADDED ENTRY--PERSONAL NAME
Personal name Ahmed, Imtiaz
Relator term (Role) Editor
942 ## - Koha item type (Biblio)
Koha item type Books in Stacks (Lending)
Holdings
Lost status Damaged status Collection code Home library Current library Shelving location Date acquired Full call number Accession Number Item type
    Lending WERC Library WERC Library Social Science Cupboard 03/31/2024 330 IDE 6566 Books in Stacks (Lending)

© WERC Library